Začíná boj o podobu světových účetních standardů

Od roku 2005 budú musieť všetky firmy EÚ kótované na burze používať medzinárodné účtovné štandardy. Porovnanie štandardu IFRS (International Financial Reporting Standards, predtým známy ako IAS - International Accounting Standards) s americkým účtovným systémom US GAAP (US Generally Accepted Account...

Ausführliche Beschreibung

Gespeichert in:
Bibliographische Detailangaben
1. Verfasser: Mládek, Robert
Format: Buchkapitel
Sprache:Tschechisch
Schlagworte:
Tags: Tag hinzufügen
Keine Tags, Fügen Sie das erste Tag hinzu!

MARC

LEADER 00000naa a2200000 4500
001 r045848
005 20231004070522.3
041 0 |a cze 
044 |a CZ 
245 1 0 |a Začíná boj o podobu světových účetních standardů  |c Robert Mládek 
520 |a Od roku 2005 budú musieť všetky firmy EÚ kótované na burze používať medzinárodné účtovné štandardy. Porovnanie štandardu IFRS (International Financial Reporting Standards, predtým známy ako IAS - International Accounting Standards) s americkým účtovným systémom US GAAP (US Generally Accepted Accounting Principles). 
610 2 0 |a účtovníctvo medzinárodné 
610 2 0 |a štandardy účtovné medzinárodné 
610 2 0 |a systémy účtovné 
610 2 0 |a US GAAP 
610 2 0 |a IAS 
610 2 0 |a IFRS 
100 1 |a Mládek, Robert